Los ritmos del pachakuti: movilización y levantamiento indígena-popular en Bolivia

Saved in:
Bibliographic Details
Main Author: Gutiérrez Aguilar, Raquel (Author)
Format: Book
Language:Spanish
Published: Buenos Aires Tinta Limón 2008
Edition:1a. ed
Series:Pensar en Movimiento, 6
Subjects:
Tags: Add Tag
No Tags, Be the first to tag this record!

MARC

LEADER 00000nam a2200000 a 4500
001 UCH1378
003 CL-VaPUC
008 090427e20080000AG |||||||||||||||||spa|d
020 |a 9789872314095 
082 0 4 |a 303  |b GUT  |2 21 
100 0 |a Gutiérrez Aguilar, Raquel  |e author  |9 535851 
245 1 4 |a Los ritmos del pachakuti: movilización y levantamiento indígena-popular en Bolivia 
250 |a 1a. ed 
300 |a 382 p 
942 |c BK 
945 |d 20090427 00:00:00  |a rbrito 
260 |a Buenos Aires  |b Tinta Limón  |c 2008 
650 0 |a Movimientos sociales  |9 315241 
650 7 |a POLITICA SOCIALES  |2 CL-VaPUC  |9 535852 
650 7 |a INSUBORDINACION  |2 CL-VaPUC  |9 535853 
650 0 |a Movimientos políticos   |9 338922 
651 0 |a Bolivia  |9 255454 
583 |a last modification  |c 20090427 00:00:00  |k Rodrigo Vera 
490 0 |a Pensar en Movimiento, 6 
999 |c 333429  |d 333427 
952 |0 0  |1 0  |4 0  |6 303_000000000000000_GUT_2008  |7 0  |8 A  |9 421813  |a BIBHIS  |b BIBHIS  |d 2019-11-22  |i 4539192  |o 303 GUT 2008  |p 4539192  |r 2025-01-20  |w 2019-11-22  |y BK  |k HIS